[Event "Milan SSM op"]
[Site "Milan"]
[Date "2012.07.31"]
[Round "6"]
[White "Pelizzola, Danilo"]
[Black "Pace, Pietro Dario"]
[Result "1-0"]
[WhiteElo "2045"]
[BlackElo "2266"]
[PlyCount "119"]
[EventDate "2012.07.27"]
[EventType "swiss"]
[EventRounds "7"]
[EventCountry "ITA"]
[SourceTitle "EXT 2014"]
[Source "ChessBase"]
[SourceDate "2013.11.20"]
[SourceVersion "1"]
[SourceVersionDate "2013.11.20"]
[SourceQuality "1"]

1. e4 g6 2. d4 Bg7 3. Nf3 c6 4. Bd3 d5 5. Be3 dxe4 6. Bxe4 Nf6 7. Bd3 0-0 8. 0-0 c5 9. c3 cxd4 10. Bxd4 Nc6 11. Bc5 Qc7 12. Qe2 b6 13. Ba3 Re8 14. Nbd2 a6 15. Rfe1 b5 16. Rad1 Bb7 17. Ne4 Ng4 18. Neg5 Nge5 19. Bb1 h6 20. Nxe5 Qxe5 21. Nf3 Qc7 22. Be4 Rac8 23. Bc5 Na5 24. Bxb7 Qxb7 25. Be3 Nc4 26. Bc1 e5 27. Nd2 Nxd2 28. Qxd2 Rc7 29. Qd5 Qc8 30. Be3 Rce7 31. Bc5 Re6 32. Bb4 Bf6 33. Qd7 Qc4 34. Qd5 Qf4 35. Qe4 Qg5 36. Rd3 h5 37. Red1 Bg7 38. Bc5 Bf8 39. Bxf8 Rxf8 40. Rd7 Rfe8 41. Qb7 Rf6 42. Qe4 Rf4 43. Qe3 h4 44. h3 Qf5 45. R7d6 a5 46. R6d5 b4 47. cxb4 axb4 48. Re1 f6 49. Qa7 Qe6 50. Rd7 Kf8 51. Rh7 Re7 52. Qc5 Ke8 53. Rh8+ Kf7 54. Rd1 Rd4 55. Rxd4 exd4 56. Rh7+ Ke8 57. Rxe7+ Qxe7 58. Qxe7+ Kxe7 59. Kf1 Kd6 60. Ke2 1-0

[Event "Erba op 6th"]
[Site "Erba"]
[Date "2012.03.11"]
[Round "4"]
[White "Pace, Pietro Dario"]
[Black "Drazic, Sinisa"]
[Result "0-1"]
[WhiteElo "2280"]
[BlackElo "2536"]
[PlyCount "160"]
[EventDate "2012.03.09"]
[EventType "swiss"]
[EventRounds "5"]
[EventCountry "ITA"]
[SourceTitle "EXT 2013"]
[Source "ChessBase"]
[SourceDate "2012.11.22"]
[SourceVersion "1"]
[SourceVersionDate "2012.11.22"]
[SourceQuality "1"]

1. e4 c5 2. Nf3 e6 3. d4 a6 4. c3 d5 5. dxc5 Bxc5 6. exd5 exd5 7. Be2 Nc6 8. 0-0 Nge7 9. Nbd2 Ba7 10. Nb3 0-0 11. Nbd4 Nxd4 12. Nxd4 Nf5 13. Nxf5 Bxf5 14. Bd3 Be4 15. Bf4 Qf6 16. Bg3 Rad8 17. Qc2 Qg6 18. Rad1 b5 19. Kh1 Rfe8 20. Bxe4 dxe4 21. a4 h5 22. axb5 axb5 23. Rfe1 Bb6 24. Qe2 Qf5 25. h3 Re6 26. Rxd8+ Bxd8 27. Rd1 Be7 28. Qd2 h4 29. Bf4 Kh7 30. Be3 Rd6 31. Bd4 Bg5 32. Qe2 Kg6 33. Re1 Re6 34. Kg1 Qd5 35. Rd1 Qc4 36. Qc2 f5 37. b3 Qc6 38. b4 Qc4 39. Ra1 Bf6 40. Bxf6 Rxf6 41. Qd2 Rc6 42. Ra3 Qd3 43. Qxd3 exd3 44. Kf1 Kg5 45. Ke1 Kf4 46. Kd2 Rg6 47. Kxd3 Rxg2 48. Ke2 Rh2 49. c4 bxc4 50. b5 Rh1 51. Rc3 Rb1 52. Rxc4+ Kg5 53. Kf3 Rxb5 54. Rc3 Rb4 55. Ra3 Kh5 56. Rc3 Rb1 57. Ra3 Rg1 58. Kf4 Rg2 59. Kf3 Rh2 60. Ke2 Rh1 61. Rb3 g5 62. Ra3 g4 63. hxg4+ Kxg4 64. Ra8 Rb1 65. Rg8+ Kf4 66. Rh8 Rb2+ 67. Ke1 Kg4 68. Rg8+ Kf3 69. Rh8 Rb1+ 70. Kd2 Rb4 71. Ke1 Kg2 72. Ke2 Re4+ 73. Kd3 Kxf2 74. Rh5 Rf4 75. Kd2 Kf3 76. Ke1 Kg3 77. Rh8 h3 78. Rg8+ Kf3 79. Rh8 Kg2 80. Rg8+ Rg4 0-1

[Event "Erba op 6th"]
[Site "Erba"]
[Date "2012.03.10"]
[Round "2"]
[White "Boschetti, Claudio"]
[Black "Pace, Pietro Dario"]
[Result "0-1"]
[WhiteElo "2153"]
[BlackElo "2280"]
[PlyCount "116"]
[EventDate "2012.03.09"]
[EventType "swiss"]
[EventRounds "5"]
[EventCountry "ITA"]
[SourceTitle "EXT 2013"]
[Source "ChessBase"]
[SourceDate "2012.11.22"]
[SourceVersion "1"]
[SourceVersionDate "2012.11.22"]
[SourceQuality "1"]

1. e4 g6 2. d4 Bg7 3. Nc3 c6 4. Nf3 d5 5. h3 Nf6 6. e5 Ne4 7. Nxe4 dxe4 8. Ng5 c5 9. Bc4 0-0 10. e6 f6 11. Nxe4 cxd4 12. 0-0 Nc6 13. a3 h6 14. f4 f5 15. Nf2 Qd6 16. Re1 Rf6 17. Qe2 Nd8 18. Bd2 Bxe6 19. Bb4 Qd7 20. Rad1 Rc8 21. Bb5 Nc6 22. c3 Qc7 23. Bxc6 bxc6 24. cxd4 Re8 25. Qe3 Bd5 26. Nd3 Kh7 27. Ne5 Rg8 28. Rd2 Re6 29. Qf2 Bf8 30. h4 Rf6 31. Re3 a5 32. Bc5 a4 33. Qe1 g5 34. fxg5 hxg5 35. hxg5 Rxg5 36. Qh4+ Bh6 37. Rf2 Kg7 38. Ree2 Re6 39. Qh3 Rf6 40. Nd3 Be4 41. Nf4 Kh7 42. Rxe4 fxe4 43. Ne6 Qg3 44. Nxg5+ Qxg5 45. Rxf6 Qxf6 46. Bb4 Qxd4+ 47. Kh1 Qd1+ 48. Kh2 Qd5 49. Bc3 Kg6 50. Qg4+ Bg5 51. Qc8 Bf4+ 52. g3 Qh5+ 53. Kg2 Qf3+ 54. Kg1 Be3+ 55. Kh2 Qf2+ 56. Kh3 Qf1+ 57. Kg4 Qd1+ 58. Kh3 Qh1+ 0-1

[Event "Milan Molinari Memorial 5th"]
[Site "Milan"]
[Date "2011.10.29"]
[Round "2"]
[White "Quaranta, Cristiano"]
[Black "Pace, Pietro Dario"]
[Result "0-1"]
[WhiteElo "2128"]
[BlackElo "2276"]
[PlyCount "48"]
[EventDate "2011.10.28"]
[EventType "swiss"]
[EventRounds "6"]
[EventCountry "ITA"]
[SourceTitle "EXT 2014"]
[Source "ChessBase"]
[SourceDate "2013.11.20"]
[SourceVersion "1"]
[SourceVersionDate "2013.11.20"]
[SourceQuality "1"]

1. d4 Nf6 2. c4 g6 3. Nc3 d5 4. Nf3 Bg7 5. e3 0-0 6. Qb3 dxc4 7. Bxc4 c5 8. d5 Nbd7 9. e4 Ng4 10. 0-0 a6 11. a4 Qc7 12. Bg5 Nde5 13. Nxe5 Qxe5 14. f4 Qd4+ 15. Kh1 Ne3 16. Be2 Nxf1 17. Rxf1 Qb4 18. Qxb4 cxb4 19. Na2 Re8 20. b3 Bd7 21. Nxb4 Rac8 22. Bh4 Bc3 23. Nd3 f6 24. Rd1 b5 0-1

[Event "Liscate op"]
[Site "Liscate"]
[Date "2011.10.16"]
[Round "4"]
[White "Sanchez, Joseph"]
[Black "Pace, Pietro Dario"]
[Result "1/2-1/2"]
[WhiteElo "2544"]
[BlackElo "2276"]
[PlyCount "96"]
[EventDate "2011.10.14"]
[EventType "swiss"]
[EventRounds "5"]
[EventCountry "ITA"]
[SourceTitle "EXT 2014"]
[Source "ChessBase"]
[SourceDate "2013.11.20"]
[SourceVersion "1"]
[SourceVersionDate "2013.11.20"]
[SourceQuality "1"]

1. e4 c5 2. Nf3 Nc6 3. d4 cxd4 4. Nxd4 Qb6 5. Nb3 Nf6 6. Nc3 e6 7. Be3 Qc7 8. Bd3 Be7 9. f4 d6 10. Qf3 a6 11. 0-0 0-0 12. Rae1 Nd7 13. a3 b5 14. Qh3 b4 15. e5 g6 16. exd6 Bxd6 17. Ne4 Be7 18. Ng5 Nf6 19. Rf3 Rd8 20. Nd2 Nd4 21. Bxd4 Rxd4 22. Nde4 h5 23. Qg3 bxa3 24. bxa3 Bd8 25. h3 Rb8 26. Kh2 Ne8 27. Rff1 Ng7 28. Qf2 Ra4 29. Kh1 Qb6 30. Qd2 Rxa3 31. Bc4 Be7 32. Bb3 Qb4 33. Qd3 Ra5 34. Rd1 Nf5 35. g4 Nh6 36. gxh5 gxh5 37. Nf6+ Bxf6 38. Qh7+ Kf8 39. Qxh6+ Ke7 40. Qh7 Bb7+ 41. Kh2 Rxg5 42. fxg5 Be5+ 43. Kg1 Bd4+ 44. Rxd4 Qxd4+ 45. Rf2 Qa1+ 46. Rf1 Qd4+ 47. Rf2 Qa1+ 48. Rf1 Qd4+ 1/2-1/2

[Event "Liscate op"]
[Site "Liscate"]
[Date "2011.10.14"]
[Round "1"]
[White "Pace, Pietro Dario"]
[Black "Guzzetti, Luigi Enrico"]
[Result "1-0"]
[WhiteElo "2276"]
[BlackElo "1955"]
[PlyCount "55"]
[EventDate "2011.10.14"]
[EventType "swiss"]
[EventRounds "5"]
[EventCountry "ITA"]
[SourceTitle "EXT 2014"]
[Source "ChessBase"]
[SourceDate "2013.11.20"]
[SourceVersion "1"]
[SourceVersionDate "2013.11.20"]
[SourceQuality "1"]

1. e4 c5 2. Nf3 e6 3. c3 Nc6 4. d4 d5 5. e5 Qb6 6. Bd3 Bd7 7. 0-0 cxd4 8. cxd4 Nxd4 9. Nxd4 Qxd4 10. Re1 Ne7 11. Nc3 Qb6 12. Qg4 g6 13. Be3 Qa5 14. a3 Nc6 15. b4 Qd8 16. Bg5 h5 17. Qg3 Be7 18. Bd2 g5 19. Nb5 a6 20. Nd6+ Bxd6 21. exd6 Rg8 22. Qf3 h4 23. Qxd5 Qf6 24. Qc5 g4 25. Bh7 g3 26. Bxg8 Nd4 27. fxg3 Nb3 28. Qc3 1-0

[Event "Ceriano Laghetto op-A 20th"]
[Site "Ceriano Laghetto"]
[Date "2011.04.03"]
[Round "4"]
[White "Pace, Pietro Dario"]
[Black "Gagliardi, Christian"]
[Result "1/2-1/2"]
[WhiteElo "2300"]
[BlackElo "2212"]
[PlyCount "25"]
[EventDate "2011.04.01"]
[EventType "swiss"]
[EventRounds "5"]
[EventCountry "ITA"]
[SourceTitle "EXT 2023"]
[Source "ChessBase"]
[SourceDate "2022.10.05"]
[SourceVersion "1"]
[SourceVersionDate "2022.10.05"]
[SourceQuality "1"]

1. e4 c5 2. Nf3 Nc6 3. d4 cxd4 4. Nxd4 e6 5. Nb5 d6 6. c4 Nf6 7. N5c3 Be7 8. Be2 0-0 9. 0-0 b6 10. a3 Bb7 11. Be3 Rc8 12. Nd2 d5 13. Ncb1 1/2-1/2

[Event "Erba op 5th"]
[Site "Erba"]
[Date "2011.03.18"]
[Round "1"]
[White "Miracola, Massimiliano"]
[Black "Pace, Pietro Dario"]
[Result "0-1"]
[WhiteElo "1929"]
[BlackElo "2300"]
[PlyCount "74"]
[EventDate "2011.03.18"]
[EventType "swiss"]
[EventRounds "5"]
[EventCountry "ITA"]
[SourceTitle "EXT 2023"]
[Source "ChessBase"]
[SourceDate "2022.10.05"]
[SourceVersion "1"]
[SourceVersionDate "2022.10.05"]
[SourceQuality "1"]

1. e4 c5 2. Nf3 Nc6 3. d4 cxd4 4. Nxd4 Nf6 5. Nc3 e5 6. Ndb5 d6 7. Bg5 a6 8. Na3 b5 9. Bxf6 gxf6 10. Nd5 Bg7 11. c3 0-0 12. Nc2 f5 13. exf5 Bxf5 14. Nce3 Be6 15. Bd3 f5 16. 0-0 Ra7 17. a4 Ne7 18. Nxe7+ Rxe7 19. axb5 axb5 20. Bxb5 f4 21. Nd5 Rb7 22. Bc6 Rbf7 23. Ra8 Qh4 24. Rxf8+ Bxf8 25. f3 Kh8 26. Qe1 Qh6 27. Qd2 Rg7 28. b4 Rg5 29. Rf2 Rh5 30. h3 Qg6 31. Kf1 Qb1+ 32. Qe1 Qb3 33. Nxf4 exf4 34. Be4 Bg7 35. Rc2 Re5 36. Qa1 Qc4+ 37. Kg1 d5 0-1

[Event "Milan Crespi op-A 31st"]
[Site "Milan"]
[Date "2010.12.07"]
[Round "4"]
[White "Pace, Pietro Dario"]
[Black "Gikas, Andreas Basilius"]
[Result "1/2-1/2"]
[WhiteElo "2316"]
[BlackElo "2182"]
[PlyCount "63"]
[EventDate "2010.12.04"]
[EventType "swiss"]
[EventRounds "9"]
[EventCountry "ITA"]
[SourceTitle "CBM 139 Extra"]
[Source "ChessBase"]
[SourceDate "2011.01.05"]
[SourceVersion "1"]
[SourceVersionDate "2011.01.05"]
[SourceQuality "1"]

1. e4 d5 2. exd5 Qxd5 3. Nc3 Qd6 4. d4 Nf6 5. Nf3 a6 6. g3 b5 7. Bg2 Bb7 8. 0-0 e6 9. Bg5 Nbd7 10. Bf4 Qb6 11. a4 Bd6 12. Be3 Nd5 13. Nxd5 Bxd5 14. axb5 axb5 15. Rxa8+ Bxa8 16. d5 Bc5 17. Bxc5 Qxc5 18. dxe6 fxe6 19. Re1 Bd5 20. b4 Qxb4 21. Ng5 0-0 22. Bxd5 exd5 23. Qxd5+ Kh8 24. Rd1 Nf6 25. Qe6 h6 26. Nf7+ Kh7 27. Qf5+ Kg8 28. Ne5 Qc5 29. Qe6+ Kh7 30. Qf5+ Kg8 31. Qe6+ Kh7 32. Qf5+ 1/2-1/2

[Event "Milan SSM August"]
[Site "Milan"]
[Date "2010.07.30"]
[Round "1"]
[White "Pace, Pietro Dario"]
[Black "Bisignano, Giuseppe"]
[Result "1-0"]
[WhiteElo "2305"]
[BlackElo "1940"]
[PlyCount "43"]
[EventDate "2010.07.30"]
[EventType "swiss"]
[EventRounds "7"]
[EventCountry "ITA"]
[SourceTitle "EXT 2024"]
[Source "ChessBase"]
[SourceDate "2023.10.10"]
[SourceVersion "1"]
[SourceVersionDate "2023.10.10"]
[SourceQuality "1"]

1. e4 e5 2. Nf3 Nc6 3. Bb5 Nf6 4. d3 Bc5 5. 0-0 d6 6. h3 Bd7 7. c3 Ne7 8. Bc4 b5 9. Bb3 h6 10. d4 exd4 11. cxd4 Bb6 12. Nc3 0-0 13. e5 dxe5 14. dxe5 Nh5 15. Ng5 Ng3 16. Qd3 hxg5 17. Qxg3 Nf5 18. Qxg5 Nd4 19. Qh5 Bf5 20. Bg5 Qc8 21. Nd5 Re8 22. Nf6+ 1-0

[Event "Erba op 4th"]
[Site "Erba"]
[Date "2010.03.07"]
[Round "4"]
[White "Janev, Evgeni"]
[Black "Pace, Pietro Dario"]
[Result "1-0"]
[WhiteElo "2450"]
[BlackElo "2304"]
[PlyCount "111"]
[EventDate "2010.03.05"]
[EventType "swiss"]
[EventRounds "5"]
[EventCountry "ITA"]
[SourceTitle "EXT 2024"]
[Source "ChessBase"]
[SourceDate "2023.10.10"]
[SourceVersion "1"]
[SourceVersionDate "2023.10.10"]
[SourceQuality "1"]

1. e4 e5 2. Nf3 Nc6 3. Bb5 a6 4. Ba4 Nf6 5. 0-0 Be7 6. Re1 b5 7. Bb3 0-0 8. d3 d6 9. c3 Nb8 10. Nbd2 Nbd7 11. Nf1 Nc5 12. Bc2 Re8 13. d4 Ncd7 14. Ng3 g6 15. Bg5 c5 16. Qd2 Qc7 17. h3 Kh8 18. Rad1 Nf8 19. d5 Ng8 20. Be3 Bf6 21. b4 Nd7 22. a4 cxb4 23. cxb4 Nb6 24. axb5 axb5 25. Bd3 Ba6 26. Rb1 Qb7 27. Qe2 Na4 28. Rec1 Rec8 29. Qd2 Bd8 30. Ne2 Bb6 31. Bc2 Bxe3 32. Qxe3 Nb6 33. Bb3 h6 34. Rc6 Rxc6 35. dxc6 Qxc6 36. Bxf7 Kg7 37. Bb3 Nf6 38. Rc1 Nc4 39. Bxc4 bxc4 40. Nc3 Rb8 41. Rb1 Bb7 42. b5 Qc7 43. Nd2 d5 44. b6 Qd6 45. exd5 Bxd5 46. Rb5 Bf7 47. Nf3 Be8 48. Rb1 Nd7 49. b7 Nc5 50. Nxe5 Rxb7 51. Rd1 Qe7 52. Nd5 Qe6 53. Qd4 Kh7 54. Ng4 Nb3 55. Qc3 h5 56. Ndf6+ 1-0

[Event "Milan Epiphany op"]
[Site "Milan"]
[Date "2010.01.03"]
[Round "3"]
[White "Astengo, Marcello"]
[Black "Pace, Pietro Dario"]
[Result "0-1"]
[WhiteElo "2104"]
[BlackElo "2253"]
[PlyCount "82"]
[EventDate "2010.01.02"]
[EventType "swiss"]
[EventRounds "7"]
[EventCountry "ITA"]
[SourceTitle "EXT 2024"]
[Source "ChessBase"]
[SourceDate "2023.10.10"]
[SourceVersion "1"]
[SourceVersionDate "2023.10.10"]
[SourceQuality "1"]

1. d4 c5 2. d5 d6 3. c4 e5 4. e4 g6 5. Nc3 Bg7 6. Bd3 Nf6 7. Nge2 0-0 8. f3 Na6 9. Be3 h6 10. Qd2 Kh7 11. 0-0-0 Nc7 12. g4 Nfe8 13. h4 a6 14. Ng3 b5 15. b3 bxc4 16. bxc4 Bd7 17. h5 g5 18. Kb1 Rb8+ 19. Ka1 Nb5 20. cxb5 axb5 21. Nb1 Nc7 22. Bf1 Qf6 23. Nf5 Bh8 24. Rh2 Ra8 25. Qc1 c4 26. Qb2 Na6 27. Na3 c3 28. Qb3 Rfb8 29. Nc2 b4 30. Bxa6 Rxa6 31. Qc4 Ra4 32. Qc7 b3 33. Qxb8 Rxa2+ 34. Kb1 Rb2+ 35. Kc1 bxc2 36. Qc7 cxd1Q+ 37. Kxd1 Ba4+ 38. Ke1 Rxh2 39. Qxc3 Bd7 40. Bg1 Ra2 41. Ng3 Qd8 0-1

[Event "Milan Crespi op-A 30th"]
[Site "Milan"]
[Date "2009.12.07"]
[Round "4"]
[White "Melia, Salome"]
[Black "Pace, Pietro Dario"]
[Result "0-1"]
[WhiteElo "2436"]
[BlackElo "2204"]
[PlyCount "90"]
[EventDate "2009.12.05"]
[EventType "swiss"]
[EventRounds "9"]
[EventCountry "ITA"]
[SourceTitle "CBM 133 Extra"]
[Source "ChessBase"]
[SourceDate "2010.01.05"]
[SourceVersion "1"]
[SourceVersionDate "2010.01.05"]
[SourceQuality "1"]

1. e4 e5 2. Nf3 Nc6 3. Bb5 a6 4. Ba4 Nf6 5. d3 b5 6. Bb3 Be7 7. 0-0 0-0 8. Re1 d6 9. c3 Nb8 10. Nbd2 Nbd7 11. Nf1 h6 12. Ng3 Re8 13. Nf5 Bf8 14. N3h4 Nc5 15. Bc2 Kh7 16. d4 Ne6 17. d5 Nc5 18. b4 Ncd7 19. a4 g6 20. Ne3 bxa4 21. Nc4 Nb6 22. Na5 Bd7 23. c4 Rc8 24. c5 Bb5 25. cxb6 cxb6 26. Nc6 Bxc6 27. dxc6 b5 28. Bb1 d5 29. exd5 Bxb4 30. Bd2 Bxd2 31. Qxd2 Nxd5 32. Ba2 Nf4 33. Qxd8 Rexd8 34. Bxf7 Kg7 35. Ba2 Nd3 36. Red1 Rxc6 37. Nf3 Rcd6 38. Bb1 Nc5 39. Rxd6 Rxd6 40. Bc2 b4 41. Nxe5 b3 42. Nc4 bxc2 43. Nxd6 Nb3 44. Re1 a3 45. Nc4 a2 0-1

[Event "Corsico FIDE"]
[Site "Corsico"]
[Date "2007.10.13"]
[Round "5"]
[White "Pace, Pietro Dario"]
[Black "Sbarra, Marco"]
[Result "0-1"]
[WhiteElo "2190"]
[BlackElo "2220"]
[PlyCount "48"]
[EventDate "2007.10.06"]
[EventType "swiss"]
[EventRounds "7"]
[EventCountry "ITA"]
[SourceTitle "CBM 120 Extra"]
[Source "ChessBase"]
[SourceDate "2007.11.01"]
[SourceVersion "1"]
[SourceVersionDate "2007.11.01"]
[SourceQuality "1"]

1. e4 e5 2. Nf3 Nc6 3. Bb5 a6 4. Ba4 Nf6 5. 0-0 b5 6. Bb3 Bc5 7. c3 d6 8. d3 h6 9. Nbd2 0-0 10. h3 Be6 11. Bc2 d5 12. exd5 Qxd5 13. Qe2 Rfe8 14. Re1 Rad8 15. Nh4 Qd7 16. Ne4 Be7 17. Nxf6+ Bxf6 18. Qh5 Ne7 19. Re3 Bxh4 20. Qxh4 Nf5 21. Qh5 Nxe3 22. Bxe3 Bf5 23. Rd1 Qe6 24. a4 Qg6 0-1

[Event "Corsico FIDE"]
[Site "Corsico"]
[Date "2007.10.07"]
[Round "1"]
[White "Pace, Pietro Dario"]
[Black "Ranieri, Fabrizio"]
[Result "1/2-1/2"]
[WhiteElo "2190"]
[BlackElo "2261"]
[PlyCount "85"]
[EventDate "2007.10.06"]
[EventType "swiss"]
[EventRounds "7"]
[EventCountry "ITA"]
[SourceTitle "CBM 120 Extra"]
[Source "ChessBase"]
[SourceDate "2007.11.01"]
[SourceVersion "1"]
[SourceVersionDate "2007.11.01"]
[SourceQuality "1"]

1. e4 e6 2. d4 d5 3. Nc3 Nf6 4. Bg5 Bb4 5. Nge2 dxe4 6. a3 Be7 7. Bxf6 gxf6 8. Nxe4 b6 9. g3 f5 10. N4c3 Bb7 11. d5 Nd7 12. Nf4 Bd6 13. Qf3 Qg5 14. Nb5 e5 15. Nh3 Qg4 16. Bg2 Nf6 17. Qb3 Qh5 18. f4 0-0 19. Nxd6 cxd6 20. fxe5 dxe5 21. 0-0 Rac8 22. Qd3 e4 23. Qd4 Ng4 24. c4 Rfd8 25. Rf4 Rc7 26. Raf1 Bc8 27. b4 Qh6 28. Rxg4+ fxg4 29. Nf4 Qg7 30. Qxe4 f5 31. Qd3 Qe5 32. Rf2 Re7 33. Re2 Qa1+ 34. Bf1 Rxe2 35. Nxe2 Re8 36. Kf2 Qb2 37. c5 bxc5 38. bxc5 Bd7 39. d6 Qe5 40. Qc4+ Be6 41. Qd4 Bd7 42. Qc4+ Be6 43. Qd4 1/2-1/2

[Event "Olomouc op"]
[Site "Olomouc"]
[Date "2007.08.04"]
[Round "3"]
[White "Gumula, Daniel"]
[Black "Pace, Pietro Dario"]
[Result "1-0"]
[WhiteElo "2387"]
[BlackElo "2210"]
[PlyCount "147"]
[EventDate "2007.08.02"]
[EventType "swiss"]
[EventRounds "9"]
[EventCountry "CZE"]
[SourceTitle "CBM 119 Extra"]
[Source "ChessBase"]
[SourceDate "2007.09.04"]
[SourceVersion "1"]
[SourceVersionDate "2007.09.04"]
[SourceQuality "1"]

1. d4 d5 2. c4 c6 3. Nc3 Nf6 4. Nf3 dxc4 5. a4 Bf5 6. e3 e6 7. Bxc4 Bb4 8. 0-0 0-0 9. Qe2 Bg6 10. Ne5 Nbd7 11. Nxg6 hxg6 12. Rd1 Qa5 13. Qc2 e5 14. Ne4 Nxe4 15. Qxe4 exd4 16. exd4 Nb6 17. Bb3 Nd5 18. Qf3 Rad8 19. h4 Rd7 20. g3 Rfd8 21. Kg2 Nf6 22. Bg5 Be7 23. Re1 Qb4 24. Re3 Nd5 25. Bxd5 Bxg5 26. Rb3 Qxd4 27. Bxc6 bxc6 28. hxg5 Rd5 29. Qe3 Qxe3 30. Rxe3 Rxg5 31. Re7 a5 32. Rae1 Rf5 33. b3 g5 34. R1e5 Rd5 35. Rxf5 Rxf5 36. Re4 Kf8 37. g4 Rd5 38. Kf3 c5 39. Ke3 f6 40. Re6 Rd1 41. Rb6 Rb1 42. Kd3 Rd1+ 43. Kc4 Rd4+ 44. Kxc5 Rxg4 45. b4 axb4 46. a5 b3 47. Rxb3 Ra4 48. Kb6 Ra2 49. f3 Kf7 50. a6 Kg6 51. a7 Kh5 52. Rb4 f5 53. Rb5 Rxa7 54. Kxa7 g6 55. Kb6 g4 56. fxg4+ Kxg4 57. Kc5 g5 58. Kd5 Kf4 59. Rb4+ Kg3 60. Rb3+ Kf4 61. Rb4+ Kg3 62. Rb3+ Kf4 63. Ke6 g4 64. Rb4+ Kf3 65. Kxf5 g3 66. Rb3+ Kf2 67. Kf4 g2 68. Rb2+ Kf1 69. Kf3 g1N+ 70. Ke3 Nh3 71. Rh2 Ng1 72. Rf2+ Ke1 73. Rg2 Nh3 74. Rg3 1-0